000
00247 a2200109 4500
001
155845
040
_c
Escola São Tomás de Aquino
240
1
0
_a
Arte para crianças
_l
por
245
1
0
_a
Arte para crianças
697
_a
GENERALIDADES
942
_c
BK
999
_c
155845
_d
155845